Random Regions of Spain on a Map - Statistics

General Stats
  • This quiz has been taken 173 times
  • The average score is 5 of 6
Answers on the Map
Answers color-coded by a green-red scale on the quiz's map according to % correct below.
 
Answer Stats
Community % Correct
Andalusia
100%
Cantabria
100%
Castile and León
100%
Catalonia
100%
Madrid
100%
Castilla-La Mancha
94%
Galicia
94%
Valencia
94%
Balearic Islands
92%
Asturias
91%
Canary Islands
88%
Aragon
86%
Basque Country
86%
Murcia
83%
Extremadura
75%
La Rioja
75%
Navarre
71%
No matching quizzes found
Score Distribution
Percent of People with Each Score
Percentile by Number Answered
Your Score History
You have not taken this quiz